NFL 2026-2027 Offenses - Statistics

General Stats
  • This quiz has been taken 104 times
    67 since last reset
  • The average score is 124 of 160
Answer Stats
Hint Answer % Correct
Dart Jaxson Dart
98%
Nabers Malik Nabers
98%
Amon Ra St. Brown
96%
Chase Brown
96%
hurts Jalen Hurts
96%
barkley Saquon Barkley
96%
Stefon Diggs/ AJ Brown
96%
Aaron Jones Sr./ Jordan Mason
93%
Bijan Robinson
93%
Caleb WIlliams
93%
prescott Dak Prescott
93%
Daniel Jones
93%
Derrick Henry
93%
smith Devonta Smith
93%
Geno Smith
93%
Hunter Henry
93%
Jameson WIlliams
93%
williams Javonte Williams
93%
smith Jaxon Smith-Nijigba
93%
ff Jerimiah Love
93%
Jordan Love
93%
Justin Herbert
93%
jy Kyren Williams
93%
Lamar Jackson
93%
Patrick Mahomes
93%
WanDale Robinson
93%
Brock Purdy
91%
Bryce Young
91%
lamb Ceedee Lamb
91%
CJ Stroud
91%
Ja'Marr Chase
91%
Jared Goff
91%
daiels Jayden Daniels
91%
Joe Burrow
91%
Josh Allen
91%
sta Matthew Stafford
91%
Mike Evans
91%
darold Sam Darnold
91%
Shedeur Sanders
91%
Travis Kelce
91%
Trevor Lawrence
91%
Zay Flowers
91%
Aaron Rodgers
89%
Bo Nix
89%
Cam Ward
89%
Garret Wilson
89%
pickens George Pickens
89%
Jahmyr Gibbs
89%
Jayden Higgins
89%
Kenneth Walker III
89%
Mark Andrews
89%
Mason Taylor/ Kenyon Sadiq
89%
dd Michael Wilson
89%
Tee Higgins
89%
Baker Mayfield
87%
Skatt Cam Skattebo
87%
Chris Olave
87%
Christian McCaffrey
87%
kupp Cooper Kupp/Rashid Shaheed
87%
De’Von Achane
87%
Drake London
87%
Drake Maye
87%
George Kittle
87%
James Cook III
87%
Jonathan Taylor
87%
Josh Jacobs
87%
Justin Jefferson
87%
Kyler Murray
87%
ddf Marvin Harrison Jr.
87%
Michael Penix Jr.
87%
gg Puka Nacua
87%
Rashee Rice
87%
Tyler Shough
87%
Brock Bowers
84%
Bucky Irving
84%
Chris Godwin
84%
Colston Loveland
84%
Deandre Swift
84%
DK Metcalf
84%
Fernando Mendoza
84%
Jaylen Waddle
84%
Ashton Jeanty
82%
Breece Hall
82%
ff Davante Adams
82%
Kyle Pitts
82%
Rome Odunze
82%
Sam LaPorta
82%
Tetairoa McMillan
82%
T.J. Hockenson
82%
Trey McBride
82%
Christian Watson
80%
DJ Moore
80%
Jordan Addison
80%
Juwan Johnson
80%
Ladd McConkey
80%
Nico Collins
80%
terry Terry Mclaurin
80%
Travis Etienne Jr.
80%
TreVeyon Henderson
80%
Tucker Kraft
80%
Alec Pierce
78%
Courtland Sutton
78%
goedert Dallas Goedert
78%
Dalton Kincaid
78%
ff Jacoby Brissett
78%
Malik Willis
78%
Brian Thomas Jr.
76%
Joe Mixon/David Montgomery
76%
Michael Pittman Jr.
76%
ferguson Jake Ferguson
73%
Luther Burden III
73%
Omarion Hampton
73%
Pat Freiermuth/Darnell Washington
73%
Tony Pollard
73%
Chuba Hubbard
71%
Dalton Schultz
71%
Emeka Egbuka
71%
Jerry Jeudy
71%
Quinshon Judkins
71%
Khalil Shakir
69%
Ricky Pearsall/ Christian Kirk
69%
Tyler Warren
69%
Xavier Worthy
69%
Cade Otton
67%
Malik Washington
67%
bill Jacory Crosky-Merritt/Rachaad White
64%
Jakobi Meyers
64%
Kayshoun Boutte
64%
lemon Makai Lemon
64%
ff Tyler Higbee/Colby Parkinson
64%
barer AJ Barner
62%
deebo Deebo Samuel
62%
Quentin Johnston
62%
Rico Dowdle
62%
likely Isiah Likely
60%
Jayden Reed
60%
J.K. Dobbins/ RJ Harvey
60%
Jordan Tyson
58%
Josh Downs
58%
Mike Gesicki
58%
Omar Cooper Jr./ Adonai Mitchell
58%
Brenton Strange
56%
Carnell Tate
56%
mooney fields Darnell Mooney/Malachi Fields
56%
Evan Engram
53%
Tre Tucker
53%
price Jadarian Price
51%
Jalen Coker
49%
Byshal Tuten
47%
ertz Chig Okonkwo
42%
Zachariah Branch/Jahan Dotson
42%
Harold Fannin Jr.
38%
Tommy Tremble
38%
Jalen Tolbert
29%
Jalen Nailor
27%
Daniel Bellinger
24%
Oronde Gadsden II
24%
Greg Dulcich
22%
KC Concepcion
22%
Jakobi Lane
20%
No matching quizzes found
Score Distribution
Percent of People with Each Score
Percentile by Number Answered
Your Score History
You have not taken this quiz since the last reset